Trashtown /

Salvato in:
Dettagli Bibliografici
Autore principale: Tait, Robert (Autore)
Natura: Libro
Lingua:inglese
Pubblicazione: Sydney : Black Wattle Press, c1997
Tags: Aggiungi Tag
Nessun Tag, puoi essere il primo ad aggiungerne!!

MARC

LEADER 00000nam a22000007i 4500
001 IT\ICCU\UBO\2262135
003 ItRI
005 20260115231837.0
008 030731s1997 at |||||| ||||| |||||c
020 |a 1875243267 
040 |b ita  |c importazione bologna sebina 
041 7 |a eng  |2 ISO-639-2 
100 1 |a Tait, Robert  |0 IT\ICCU\UBOV\818254  |4 aut 
245 1 0 |a Trashtown /  |c Robert Tait. 
260 |a Sydney :  |b Black Wattle Press,  |c c1997 
300 |a 224 p. ;  |c 22 cm. 
942 |2 ddc  |c BK  |n 0 
952 |0 0  |1 0  |4 0  |6 DOC_823_914000000000000_TAI  |7 0  |9 14030  |a BO  |b BO  |d 2026-01-15  |i 7589  |l 0  |o DOC 823.914 TAI  |p BO7589  |r 2026-01-15 23:18:37  |w 2026-01-15  |x [Sebina 5] [1 v.]  |y BK  |z 1 v. 
999 |c 12089  |d 12089